PEN American Center newsletter.

Bibliographic Details
Previous Title:American PENewsletter
Corporate Author: PEN America
Format: Journal
Language:English
Published: New York : American Center of Pen International, 1978-[1999]
Subjects:
Online Availability: Check for online availability

MARC

Tag First Indicator Second Indicator Subfields
LEADER 00000cas a2200000 a 4500
001 in00004567021
008 800307d19781999nyuqr p 0 a0eng c
005 20220706211943.4
010 |a  98658606   |z sn 80000657  
035 |a (OCoLC)ocm06061405 
035 |a (OCoLC)ocm06061405 
040 |a NSD  |b eng  |c NSD  |d HUL  |d NST  |d NSD  |d DLC  |d HLS  |d OCLCQ  |d OCLCF  |d OCLCO  |d OCLCA  |d OCL  |d OCLCQ 
022 0 |a 0197-5498  |l 0197-5498  |2 1 
035 |a (OCoLC)6061405 
037 |b PEN American Center Newsletter, 568 Broadway, New York, N.Y., 10012 
042 |a nsdp  |a pcc 
043 |a n-us--- 
050 0 0 |a PN51  |b .P43 
082 0 0 |a 806/.073  |2 21 
210 0 |a PEN Am. Cent. newsl. 
222 0 |a PEN American Center newsletter 
245 0 0 |a PEN American Center newsletter. 
246 1 3 |a PENewsletter 
246 1 7 |a PEN newsletter 
264 1 |a New York :  |b American Center of Pen International,  |c 1978-[1999] 
300 |a volumes :  |b illustrations ;  |c 28 cm 
310 |a Quarterly 
336 |a text  |b txt  |2 rdacontent 
337 |a unmediated  |b n  |2 rdamedia 
338 |a volume  |b nc  |2 rdacarrier 
362 0 |a No. 38 (Oct. 1978)-issue #103 (June 1999). 
500 |a Purchased for the Cushing Library/Women & Gender Studies collection by The Cushing Library. 
500 |a The Cushing Library/Women & Gender Studies copies were acquired as part of The Don Kelly Research Collection of Gay Literature and Culture. 
610 2 0 |a PEN America  |v Periodicals. 
650 0 |a Authors  |x Political and social views  |v Periodicals. 
610 2 7 |a PEN America.  |2 fast  |0 (OCoLC)fst00544518 
650 7 |a Authors  |x Political and social views.  |2 fast  |0 (OCoLC)fst00821715 
655 7 |a Periodicals.  |2 fast  |0 (OCoLC)fst01411641 
710 2 |a PEN America. 
780 0 0 |t American PENewsletter  |w (OCoLC)6931533 
850 |a DLC  |a MH  |a NN  |a OkU 
029 1 |a AU@  |b 000003771198 
994 |a Z0  |b TXA 
948 |h HELD BY TXA - 20 OTHER HOLDINGS 
999 f f |s f0a0202a-6b28-4ed1-ba14-03672a6b7a0c  |i e81ef9b9-91a6-4673-bb36-d629bb74e74f  |t 0 
952 f f |p noncirc  |a Texas A&M University  |b College Station  |c Cushing Memorial Library & Archives  |s cush wgs  |d Cushing: Women & Gender Studies (Does not check out)  |t 0  |e PN51 .P43  |f Vertical File  |h Library of Congress classification  |i unmediated -- volume